00879nam a22002417a 450000500170000001000130001702000220003003500130005203700160006504000120008108200130009310000260010624501130013226000470024527000540029230000320034650000200037865000250039865000290042394200220045299900190047495201440049320170124110024.0 aB-011675 c00.00a0195648722 aB-011675 bCen Lib/Ret aDPLbEN a611bMAL aMalwatkar S.G.920390 aIntegrated textbook of anatomy for undergarduates :cby Malwakar S.G.bgross anatomy, embryology, history / aNew Delhi bOxford University Press c1999 bNew Delhi aYMCA building, jai singh roade110001 avi, 610p. ;c26cm(Hb)bill. aIncludes index  aHuman anatomy920391 aHuman physiology 920392 2ddccENh611mMAL c127402d127402 00104070aLbLd2015-06-29eCen Lib/Retg0.00l1o611 MALpB-011675q2018-06-17r2018-06-03 00:00:00s2018-06-03t1v0.00w2015-06-29yEN